| 000 | 00617nam a2200193 i 4500 | ||
|---|---|---|---|
| 001 | 88093 | ||
| 003 | ES-MaACL | ||
| 005 | 20230906175812.0 | ||
| 007 | t| | ||
| 008 | 050103s1950 sp ||||1| spa d | ||
| 100 | 1 |
_aLa Gasca y Segura, Mariano, _d1776-1839 _969152 |
|
| 245 | 1 | 4 |
_aUna carta de D. Mariano Lagasca / _cpor Eduardo Balguerias. |
| 260 |
_aMadrid : _b[s.n., _c1950] |
||
| 300 |
_a5 h., 2 lám. ; _c25 cm. |
||
| 500 | _aEs separata de: Anales de Jardín Botánico, T. X, p. 121-127. | ||
| 700 | 1 |
_aBalguerias, Eduardo. _924933 |
|
| 852 |
_aES-MaACL _j1950-F-18 _bR.34231 |
||
| 999 |
_c88093 _d88093 |
||